000
00265nam a2200109Ia 4500
001
1272236
005
20260417151424.0
008
260417s9999 xx 000 0 und d
020
_a
9786256910171
245
0
_a
Pasteur
_c
Tuğba Hatun Murat
260
_b
Ketebe Çocuk
999
_c
1272236
_d
1272236